000 02648nam a2200349 a 4500
008 130520s2008 ||||||||||||||||| || u
020 _a9780443101250
050 _aRC 815 Caw
100 _aOdell, E.W
245 1 0 _aCawson's essentials of oral pathology and oral medicine. (8th ed.)
_cby R.A. Cawson and E.W. Odell.
250 _a8th ed.
260 _aEdinburgh
_bChurchill Livingstone/Elsevier
_c2008
300 _axv, 468p.: ill.
350 _a94.95
650 0 _aDENTISTRY--ATLASES
650 3 _aTOOTH DISEASES
650 3 _aDENTISTRY, OPERATIVE
650 3 _aMOUTH DISEASES--TREATMENT
700 _aCawson, R. A
700 _aOdell, Edward W
995 _aSHORT LOAN BOOKS
_e903415
_FCBU-SCHOOL OF MEDICINE LIBRARY (Ndola)
_jRC 815 Caw
_M8
_UAVAILABLE
_WMar 30, 2016
_y903415
_ZMedical Library Open Access Collection
995 _aMICHAEL CHILUFYA SATA OPEN ACCESS
_e904733
_FCBU-SCHOOL OF MEDICINE LIBRARY (Ndola)
_I94.95
_jRC 815 Caw
_M11
_UAVAILABLE
_WFeb 6, 2020
_y904733
_ZMedical Library Open Access Collection
995 _aMEDICAL LIBRARY OPEN ACCESS
_e901972
_FCBU-SCHOOL OF MEDICINE LIBRARY (Ndola)
_jRC 815 Caw
_M2
_UAVAILABLE
_WMay 20, 2013
_y901972
_ZMedical Library Open Access Collection
995 _aMEDICAL LIBRARY OPEN ACCESS
_e902033
_FCBU-SCHOOL OF MEDICINE LIBRARY (Ndola)
_jRC 815 Caw
_M1
_UAVAILABLE
_WMay 20, 2013
_y902033
_ZMedical Library Open Access Collection
995 _aMEDICAL LIBRARY OPEN ACCESS
_e902306
_FCBU-SCHOOL OF MEDICINE LIBRARY (Ndola)
_jRC 815 Caw
_M3
_UAVAILABLE
_WAug 16, 2013
_y902306
_ZMedical Library Open Access Collection
995 _aMEDICAL LIBRARY OPEN ACCESS
_e902307
_FCBU-SCHOOL OF MEDICINE LIBRARY (Ndola)
_jRC 815 Caw
_M4
_UOUT
_WAug 16, 2013
_y902307
_ZMedical Library Open Access Collection
995 _aMEDICAL LIBRARY OPEN ACCESS
_e903796
_FCBU-SCHOOL OF MEDICINE LIBRARY (Ndola)
_I94.95
_jRC 815 Caw
_M10
_UAVAILABLE
_WMar 29, 2017
_y903796
_ZMedical Library Open Access Collection
995 _aMEDICAL LIBRARY OPEN ACCESS
_e902999
_FCBU-SCHOOL OF MEDICINE LIBRARY (Ndola)
_jRC 815 Caw
_M7
_UAVAILABLE
_WJun 23, 2015
_y902999
_ZMedical Library Open Access Collection
995 _aMEDICAL LIBRARY OPEN ACCESS
_e903741
_FCBU-SCHOOL OF MEDICINE LIBRARY (Ndola)
_I290.00
_jRC 815 Caw
_M9
_UAVAILABLE
_WMar 20, 2017
_y903741
_ZMedical Library Open Access Collection
995 _aMEDICAL LIBRARY OPEN ACCESS
_e902884
_FCBU-SCHOOL OF MEDICINE LIBRARY (Ndola)
_jRC 815 Caw
_M6
_UAVAILABLE
_WMar 10, 2015
_y902884
_ZMedical Library Open Access Collection
995 _aMEDICAL LIBRARY OPEN ACCESS
_e902883
_FCBU-SCHOOL OF MEDICINE LIBRARY (Ndola)
_jRC 815 Caw
_M5
_UAVAILABLE
_WMar 10, 2015
_y902883
_ZMedical Library Open Access Collection
999 _c63964
_d63964